Gta 5 single player - Statistics

General Stats
  • This quiz has been taken 95 times
  • The average score is 6 of 14
Answer Stats
Hint Answer % Correct
Protagonist Michael De Santa
84%
P Franklin Clinton
82%
P Trevor Phillips
79%
rival of FIB IAA
60%
Atagonist Devin Weston
55%
A Steve Haines
48%
name of final heist the big one
41%
works for above Dave Norton
39%
Franklin's ex boss Simeon Yetarian
30%
stretch' full name harold 'stretch' joseph
29%
assistant of the above Lester Crest
22%
friend of trevor Ron Jakowski
21%
friend of Trevor Wade Herbert
21%
got killed byabove Brad Snider
17%
No matching quizzes found
Score Distribution
Percent of People with Each Score
Percentile by Number Answered
Your Score History
You have not taken this quiz